000 00756nam a2200229Ii 4500
003 JO-AjNU
008 230605s9999||||xx |||||||||||||| ||und||
017 _a2012/2/822
020 _a978-9957-528-577
040 _aJO-AjNU
_bara
_erda
_cJO-AjNU
041 _aara
050 1 4 _aPJ7631 2012
100 3 _aتأليف السعدي، عيسى إبراهيم ,
_eauthor
_950052
245 0 0 _aالأدب العربي الأصيل:حضارة قديمة حديثة أبيات وبصمات
250 _aط1
264 3 1 _aعمان:أمواج للطباعة والنشر،2012
300 _a178ص
336 _atext
_btxt
_2rdacontent
337 _aunmediated
_bn
_2rdamedia
338 _avolume
_bnc
_2rdacarrier
650 4 _aالأدب العربي
_950053
999 _aA22023
_c25591
_d25591